Face2face : pre-intermediate /

Hlavní autor: Redston, Chris
Další autoři: Cunningham, Gillie, Day, Jeremy, Tims, Nicholas
Jazyk: Angličtina
Vydáno: Cambridge : Cambridge University Press, 2012
Vydání: 2nd ed.
Témata:
Fyzický popis: 4 sv. : il. (převážně barev.) ; 19-28 cm
Knihy
Uloženo v:
LEADER 03571nam a2200601 aa4500
001 001270266
003 CZ BrMZK
005 20160728062600.0
007 ta
008 121211s2012 xxka e pf 000 0 eng
020 |a 978-1-107-42207-0  |q (student's book :  |q brož.) 
020 |a 978-1-107-60353-0  |q (workbook with key :  |q brož.) 
020 |a 978-1-107-63330-8  |q (teacher's book :  |q brož.) 
020 |a 978-1-107-42209-4  |q (CDs) 
040 |a BOA001  |b cze 
072 7 |a 811.111  |x Angličtina  |2 Konspekt  |9 11 
072 7 |a 37.016  |x Učební osnovy. Vyučovací předměty. Učebnice  |2 Konspekt  |9 22 
080 |a 811.111  |2 MRF 
080 |a (07.063)81  |2 MRF 
080 |a (076.1)  |2 MRF 
080 |a (072)  |2 MRF 
100 1 |a Redston, Chris  |7 pna2005292398  |4 aut 
245 1 0 |a Face2face :  |b pre-intermediate /  |c Chris Redston & Gillie Cunningham 
250 |a 2nd ed. 
260 |a Cambridge :  |b Cambridge University Press,  |c 2012 
300 |a 4 sv. :  |b il. (převážně barev.) ;  |c 19-28 cm 
500 |a Na obálce označení: English profile B1 
500 |a Autoři workbook Nicholas Tims with Chris Redston & Gillie Cunningham 
500 |a Autoři teacher's book Chris Redston & Jeremy Day with Gillie Cunningham 
500 |a Autoři DVD-ROM Nicholas Tims ... [et al.] 
505 0 |a student's book. 168 s. + 1 DVD-ROM -- workbook with answer key. 88 s. -- teacher's book. 254 s. + 1 DVD -- audio CDs. 3 CD 
650 0 7 |a angličtina  |7 ph114056  |2 czenas 
653 0 |a jazyková úroveň B1 
655 7 |a jazykové učebnice, texty, příručky (B)  |7 fd600891  |2 czenas 
655 7 |a pracovní sešity  |7 fd133116  |2 czenas 
655 7 |a metodické příručky  |7 fd132826  |2 czenas 
700 1 |a Cunningham, Gillie  |7 pna2005292399  |4 aut 
700 1 |a Day, Jeremy  |7 pna2007384221  |4 aut 
700 1 |a Tims, Nicholas  |7 xx0036512  |4 aut 
910 |a BOA001  |b 3-1297.013  |b CDR-1297.013  |b CDR2-1297.013 
990 |a BK 
991 |b 201301  |c NOV  |e n  |x 99 
996 7 |b 2610532165  |c 3-1297.013  |d 1,student's book  |v 1  |l Anglická knihovna/2.patro  |r ZHR  |n 52  |p kup  |h CA 22  |w 001304538  |u 000010  |a 0  |e BOA001  |j MZK50  |s A 
996 7 |b 2610532166  |c CDR-1297.013  |d 1,student's book DVD  |v 1  |l Anglická knihovna/2.patro  |r ZHR  |n 1  |p kup  |h DVD 77  |w 001304538  |u 000020  |a 0  |e BOA001  |j MZK50  |s A 
996 7 |b 2610532167  |c 3-1297.013  |d 2,workbook with key  |v 2  |l Anglická knihovna/2.patro  |r ZHR  |n 31  |p kup  |h CA 22  |w 001304538  |u 000030  |a 0  |e BOA001  |j MZK50  |s A 
996 7 |b 2610532168  |c 3-1297.013  |d 3,teacher's book  |v 3  |l Anglická knihovna/2.patro  |r ZHR  |n 45  |p kup  |h CA 22  |w 001304538  |u 000040  |a 0  |e BOA001  |j MZK50  |s A 
996 7 |b 2610532169  |c CDR-1297.013  |d 3,teacher's book DVD  |v 3  |l Anglická knihovna/2.patro  |r ZHR  |n 1  |p kup  |h DVD 78  |w 001304538  |u 000050  |a 0  |e BOA001  |j MZK50  |s A 
996 7 |b 2610532170  |c CDR2-1297.013  |d 4, CD 1  |v 4  |l Anglická knihovna/2.patro  |r ZHR  |n 18  |p kup  |h CD-A 701  |w 001304538  |u 000060  |a 0  |e BOA001  |j MZK50  |s A 
996 7 |b 2610532171  |c CDR2-1297.013  |d 4, CD 2  |v 4  |l Anglická knihovna/2.patro  |r ZHR  |n 18  |p kup  |h CD-A 701  |w 001304538  |u 000070  |a 0  |e BOA001  |j MZK50  |s A 
996 7 |b 2610532172  |c CDR2-1297.013  |d 4, CD 3  |v 4  |l Anglická knihovna/2.patro  |r ZHR  |n 18  |p kup  |h CD-A 701  |w 001304538  |u 000080  |a 0  |e BOA001  |j MZK50  |s A 
996 7 |b 2610532173  |c CDR2-1297.013  |d 4, CD 1  |v 4  |l Anglická knihovna/2.patro  |r ZHR  |n 18  |p kup  |h CD-A 701  |w 001304538  |u 000090  |a 0  |e BOA001  |j MZK50  |s A 
996 7 |b 2610532174  |c CDR2-1297.013  |d 4, CD 2  |v 4  |l Anglická knihovna/2.patro  |r ZHR  |n 18  |p kup  |h CD-A 701  |w 001304538  |u 000100  |a 0  |e BOA001  |j MZK50  |s A 
996 7 |b 2610532175  |c CDR2-1297.013  |d 4, CD 3  |v 4  |l Anglická knihovna/2.patro  |r ZHR  |n 18  |p kup  |h CD-A 701  |w 001304538  |u 000110  |a 0  |e BOA001  |j MZK50  |s A